00880nam a2200241 a 450000100060000000300080000600500170001400800410003103500190007204000290009104100080012008200250012824500620015326000300021530000270024550400510027265000350032370000470035883000630040594200120046899900170048095201410049772914BD-RjUL20211209082326.0170524s1965 enk b 001 0 eng d a(BD-RjUL)73132 aSUSAbengcSUSAdBD-RjUL aeng04a301.09223bREA 196500aReadings in early anthropology /cedited by J.S. Slotkin. aLondon :bMethuen,c1965. axvii, 530 p. ;c27 cm. aIncludes bibliographical references and index. 0aAnthropologyxHistory.91336081 aSlotkin, James Sydney,d1913-1958.9215671 aViking Fund publications in anthropology ;vno. 409215674 2ddccBK c72914d72914 00102ddc40718NFICaRUCLbRUCLcReadingd1973-08-09eMitali bookg96.00l0o301.09 REA 1965r2017-05-25 00:00:00tC-1w2017-05-25yBK